=LDR 00000nam 2200000 4500 =001 INLIS000000000027490 =005 20130612125849 =008 ***********************************Ind** =035 ##$$0010-061300000027490 =041 ##$$a Ind =082 ##$$a F Rom D =090 ##$$a F Rom D, Sar h =100 ##$$a Sarjono,Maria A =245 ##$$a Hujan di akhir kemarau, Maria A Sarjono =260 ##$$a 1999 $b Tangerang =300 ##$$a 267 hlm, 19 cm =650 ##$$a Fiksi Roman Dewasa =850 ##$$a NBPNMAT =990 ##$$a 0001/BPAP-NTB/2016